[Event "Verbandsliga Sued Baden 0708"]
[Site "Germany"]
[Date "2007.11.18"]
[Round "3.6"]
[White "Lang, Alexander"]
[Black "Sprenger, Wendelin"]
[Result "0-1"]
[WhiteElo "1994"]
[BlackElo "2121"]
[PlyCount "148"]
[EventDate "2007.10.14"]
[EventType "team"]
[EventRounds "9"]
[EventCountry "GER"]
[SourceTitle "EXT 2009"]
[Source "ChessBase"]
[SourceDate "2008.11.26"]
[SourceVersion "1"]
[SourceVersionDate "2008.11.26"]
[SourceQuality "1"]
[WhiteTeam "Oberwinden"]
[BlackTeam "Wiehre"]
[WhiteTeamCountry "GER"]
[BlackTeamCountry "GER"]

1. d4 d5 2. Nf3 Nf6 3. e3 e6 4. Bd3 c5 5. c3 Nc6 6. Nbd2 Bd6 7. 0-0 0-0 8. dxc5 Bxc5 9. e4 e5 10. Qe2 Bg4 11. exd5 Qxd5 12. Ne4 Rad8 13. Nxf6+ gxf6 14. Be4 Qe6 15. h3 Bh5 16. b4 Bb6 17. a4 f5 18. Bxc6 Qxc6 19. Qxe5 Bxf3 20. gxf3 Rd6 21. Bf4 Rg6+ 22. Bg3 Qxf3 23. Kh2 Rc8 24. Qf4 Qxf4 25. Bxf4 Rxc3 26. a5 Bd4 27. Rad1 Rc4 28. Bd2 Rc2 29. Bf4 Bxf2 30. Rd2 Bg3+ 31. Kh1 Rc3 32. Bxg3 Rgxg3 33. Rg2 Kf8 34. Rxg3 Rxg3 35. Rxf5 Rxh3+ 36. Kg2 Rc3 37. Rb5 Rc7 38. Kf3 Ke7 39. Ke4 Ke6 40. Re5+ Kf6 41. Rb5 Kg6 42. Kf4 h5 43. Rg5+ Kh6 44. Rb5 f6 45. Kf5 Rg7 46. Kf4 h4 47. Rd5 Kg6 48. Kg4 Rh7 49. Kh3 f5 50. b5 Kg5 51. Rc5 Rd7 52. Rc3 Rd5 53. Rb3 a6 54. bxa6 bxa6 55. Ra3 Re5 56. Ra1 Re3+ 57. Kh2 Kg4 58. Rg1+ Rg3 59. Ra1 f4 60. Ra4 Re3 61. Ra1 Kf3 62. Rf1+ Ke4 63. Ra1 Re2+ 64. Kg1 Kf3 65. Ra3+ Re3 66. Ra1 h3 67. Kh2 Kf2 68. Ra4 f3 69. Kxh3 Kf1 70. Ra1+ Re1 71. Ra3 f2 72. Kh2 Ke2 73. Ra2+ Ke3 74. Ra3+ Ke4 0-1

[Event "Wch U20 41st"]
[Site "Goa"]
[Date "2002.12.13"]
[Round "7"]
[White "Sprenger, Wendelin"]
[Black "Pradeep, TS."]
[Result "1-0"]
[WhiteElo "2174"]
[BlackElo "2111"]
[PlyCount "47"]
[EventDate "2002.12.09"]
[EventType "swiss"]
[EventRounds "13"]
[EventCountry "IND"]
[SourceTitle "CBM 091 Extra"]
[Source "ChessBase"]
[SourceDate "2003.01.09"]
[SourceVersion "1"]
[SourceVersionDate "2003.01.09"]
[SourceQuality "1"]

1. e4 c5 2. Nf3 d6 3. d4 cxd4 4. Nxd4 Nf6 5. Nc3 a6 6. Bg5 e6 7. f4 Be7 8. Qf3 Nbd7 9. Bc4 Nb6 10. Bb3 Qc7 11. 0-0-0 0-0 12. g4 Nc4 13. Bxf6 Bxf6 14. g5 Be7 15. Rhg1 f6 16. Qh3 f5 17. exf5 d5 18. Qf3 Bc5 19. f6 Bxd4 20. Rxd4 Qf7 21. Bxc4 dxc4 22. Ne4 Qg6 23. Rgd1 b5 24. fxg7 1-0

[Event "Wch U20 41st"]
[Site "Goa"]
[Date "2002.12.10"]
[Round "3"]
[White "Sprenger, Wendelin"]
[Black "Sharma, R Preetham"]
[Result "1/2-1/2"]
[WhiteElo "2174"]
[BlackElo "2311"]
[PlyCount "111"]
[EventDate "2002.12.09"]
[EventType "swiss"]
[EventRounds "13"]
[EventCountry "IND"]
[SourceTitle "CBM 091 Extra"]
[Source "ChessBase"]
[SourceDate "2003.01.09"]
[SourceVersion "1"]
[SourceVersionDate "2003.01.09"]
[SourceQuality "1"]

1. g3 g6 2. Bg2 Bg7 3. c4 d6 4. Nc3 e5 5. d3 Nc6 6. Nf3 f5 7. 0-0 Nf6 8. Rb1 h6 9. Nd2 0-0 10. b4 g5 11. b5 Ne7 12. a4 Rb8 13. Ba3 b6 14. Qb3 Kh8 15. Bb2 Bb7 16. Bxb7 Rxb7 17. Ra1 Qe8 18. f3 h5 19. Nd5 Qf7 20. e4 Nexd5 21. cxd5 f4 22. gxf4 exf4 23. Qc2 Rbb8 24. Rac1 Rbc8 25. Nb3 Nd7 26. Nd4 Bxd4+ 27. Bxd4+ Kh7 28. Kh1 Rg8 29. Qf2 Rg6 30. Rc2 Ne5 31. Bxe5 dxe5 32. d4 Qg7 33. Rc6 Rxc6 34. bxc6 Rd8 35. Rd1 Kg6 36. Qb2 exd4 37. Qxd4 Qxd4 38. Rxd4 Kf6 39. d6 cxd6 40. c7 Rc8 41. Rxd6+ Ke7 42. Rg6 Rxc7 43. Rxg5 Rc3 44. Kg2 Rc2+ 45. Kh3 Rf2 46. Rxh5 Rxf3+ 47. Kg4 Ra3 48. Kxf4 Rxa4 49. Kf5 Ra2 50. Rh7+ Kf8 51. Kf6 Kg8 52. Rg7+ Kh8 53. Rb7 Rxh2 54. e5 Rh6+ 55. Kf5 Kg8 56. Rxa7 1/2-1/2

[Event "Wch U20 41st"]
[Site "Goa"]
[Date "2002.12.09"]
[Round "1"]
[White "Sprenger, Wendelin"]
[Black "Bromberger, Stefan"]
[Result "0-1"]
[WhiteElo "2174"]
[BlackElo "2414"]
[PlyCount "84"]
[EventDate "2002.12.09"]
[EventType "swiss"]
[EventRounds "13"]
[EventCountry "IND"]
[SourceTitle "CBM 091 Extra"]
[Source "ChessBase"]
[SourceDate "2003.01.09"]
[SourceVersion "1"]
[SourceVersionDate "2003.01.09"]
[SourceQuality "1"]

1. e4 c5 2. Nf3 d6 3. d4 cxd4 4. Nxd4 Nf6 5. Nc3 a6 6. Bg5 e6 7. f4 b5 8. e5 dxe5 9. fxe5 Qc7 10. exf6 Qe5+ 11. Be2 Qxg5 12. Qd3 Qxf6 13. Rf1 Qe5 14. 0-0-0 Ra7 15. Ndxb5 Qg5+ 16. Kb1 axb5 17. Nxb5 Rd7 18. Qb3 Qe5 19. Rde1 Be7 20. Na7 0-0 21. Bb5 Qxh2 22. Nxc8 Rxc8 23. Bxd7 Nxd7 24. Rxf7 Nc5 25. Qf3 Bf6 26. Rxf6 Qh4 27. Rfxe6 Nxe6 28. g3 Qc4 29. Qe2 Qxe2 30. Rxe2 Kf7 31. a4 h5 32. b4 Rc4 33. c3 Rxc3 34. a5 Rb3+ 35. Rb2 Rxb2+ 36. Kxb2 g5 37. b5 h4 38. gxh4 gxh4 39. b6 Nc5 40. b7 Nxb7 41. a6 Nc5 42. a7 Na4+ 0-1

[Event "Wch U18"]
[Site "Heraklion"]
[Date "2002.11.15"]
[Round "1"]
[White "Harikrishna, Pentala"]
[Black "Sprenger, Wendelin"]
[Result "1-0"]
[WhiteElo "2551"]
[BlackElo "2174"]
[PlyCount "101"]
[EventDate "2002.11.15"]
[EventType "swiss"]
[EventRounds "11"]
[EventCountry "GRE"]
[SourceTitle "CBM 091 Extra"]
[Source "ChessBase"]
[SourceDate "2003.01.09"]
[SourceVersion "1"]
[SourceVersionDate "2003.01.09"]
[SourceQuality "1"]

1. d4 d5 2. c4 c6 3. Nc3 Nf6 4. e3 e6 5. Nf3 Nbd7 6. Bd3 dxc4 7. Bxc4 b5 8. Be2 Be7 9. a3 a5 10. e4 Rb8 11. Bd3 b4 12. axb4 axb4 13. Na4 c5 14. Bf4 Ra8 15. Rc1 Qa5 16. Nxc5 Bxc5 17. dxc5 Nxc5 18. 0-0 0-0 19. Bb1 Ncxe4 20. Qe1 Bb7 21. Rc4 Ba6 22. Rxe4 Bxf1 23. Qxf1 Nxe4 24. Bxe4 Rac8 25. h3 Rfd8 26. Qe2 b3 27. Kh2 Qc5 28. Ne5 Rd4 29. Bxh7+ Kxh7 30. Qh5+ Kg8 31. Qxf7+ Kh7 32. Qg6+ Kg8 33. Qxe6+ Kh7 34. Qf5+ Kg8 35. Qf7+ Kh7 36. Qf5+ Kg8 37. Be3 Rcd8 38. Qf7+ Kh7 39. Qh5+ Kg8 40. Qf7+ Kh7 41. f4 Qc2 42. Bxd4 Rxd4 43. Nf3 Rd8 44. Ng5+ Kh8 45. Qh5+ Kg8 46. Qf7+ Kh8 47. Ne6 Rg8 48. f5 Qd2 49. Qh5+ Qh6 50. Qxh6+ gxh6 51. f6 1-0

[Event "AUT-ch"]
[Site "Oberpullendorf"]
[Date "2002.08.17"]
[Round "8"]
[White "Sprenger, Wendelin"]
[Black "Halser, Walter"]
[Result "1/2-1/2"]
[WhiteElo "2199"]
[BlackElo "2158"]
[PlyCount "75"]
[EventDate "2002.08.10"]
[EventType "swiss"]
[EventRounds "9"]
[EventCountry "AUT"]
[SourceTitle "CBM 089 Extra"]
[Source "ChessBase"]
[SourceDate "2002.09.10"]
[SourceVersion "2"]
[SourceVersionDate "2002.09.10"]
[SourceQuality "1"]

1. e4 e5 2. Nf3 Nc6 3. Bb5 Nd4 4. Nxd4 exd4 5. 0-0 c6 6. Bc4 Nf6 7. Re1 d6 8. d3 Be7 9. Nd2 a5 10. a4 0-0 11. h3 Be6 12. Bxe6 fxe6 13. e5 dxe5 14. Rxe5 Bd6 15. Rxe6 Qd7 16. Re2 Bc7 17. Ne4 Nd5 18. Qf1 Bb6 19. g3 Ne3 20. Bxe3 dxe3 21. f4 Rae8 22. b3 h6 23. h4 Qg4 24. Qg2 Re6 25. Rae1 Rfe8 26. Rf1 Rf8 27. Qf3 Qf5 28. Kh2 Rg6 29. Nc3 Rg4 30. Kg2 Qh5 31. Kh3 Rfxf4 32. Qxf4 Rxf4 33. Rxf4 Bc7 34. Re4 Bb6 35. d4 Qf3 36. R2xe3 Qf1+ 37. Kh2 Qf2+ 38. Kh3 1/2-1/2

[Event "AUT-ch"]
[Site "Oberpullendorf"]
[Date "2002.08.11"]
[Round "2"]
[White "Sprenger, Wendelin"]
[Black "Danner, Georg"]
[Result "0-1"]
[WhiteElo "2199"]
[BlackElo "2369"]
[PlyCount "40"]
[EventDate "2002.08.10"]
[EventType "swiss"]
[EventRounds "9"]
[EventCountry "AUT"]
[SourceTitle "CBM 089 Extra"]
[Source "ChessBase"]
[SourceDate "2002.09.10"]
[SourceVersion "2"]
[SourceVersionDate "2002.09.10"]
[SourceQuality "1"]

1. e4 c5 2. Nf3 d6 3. d4 cxd4 4. Nxd4 Nf6 5. Nc3 a6 6. Bg5 e6 7. f4 Nc6 8. e5 h6 9. Bh4 Nxd4 10. exf6 Nf5 11. fxg7 Qxh4+ 12. g3 Nxg3 13. gxh8Q Ne4+ 14. Ke2 Qf2+ 15. Kd3 Nc5+ 16. Kc4 b5+ 17. Nxb5 axb5+ 18. Kc3 b4+ 19. Kc4 d5+ 20. Kb5 Bd7+ 0-1

[Event "AUT-ch"]
[Site "Oberpullendorf"]
[Date "2002.08.10"]
[Round "1"]
[White "Bachofner, Andreas"]
[Black "Sprenger, Wendelin"]
[Result "0-1"]
[WhiteElo "2327"]
[BlackElo "2199"]
[PlyCount "68"]
[EventDate "2002.08.10"]
[EventType "swiss"]
[EventRounds "9"]
[EventCountry "AUT"]
[SourceTitle "CBM 089 Extra"]
[Source "ChessBase"]
[SourceDate "2002.09.10"]
[SourceVersion "2"]
[SourceVersionDate "2002.09.10"]
[SourceQuality "1"]

1. Nf3 d5 2. b3 Nf6 3. Bb2 Bg4 4. e3 Nbd7 5. Be2 c6 6. d3 Qc7 7. h3 Bh5 8. g4 Bg6 9. g5 Ng8 10. Nh4 e5 11. Bg4 Bd6 12. f4 exf4 13. Bxg7 Be5 14. Bxd7+ Kxd7 15. Bxh8 Bxh8 16. Qg4+ Ke8 17. Nxg6 hxg6 18. d4 fxe3 19. 0-0 Bxd4 20. Qxd4 Qg3+ 21. Kh1 Qxh3+ 22. Kg1 Qg3+ 23. Kh1 e2 24. Nc3 Qh3+ 25. Kg1 Qg3+ 26. Kh1 exf1Q+ 27. Rxf1 Qxg5 28. Rf2 Kf8 29. Qb4+ Qe7 30. Qg4 Qe1+ 31. Kg2 Qxc3 32. Qe6 Nh6 33. Qd6+ Kg7 34. Qf4 Re8 0-1

[Event "Oberwart op"]
[Site "Oberwart"]
[Date "2002.07.09"]
[Round "5"]
[White "Moser, Eva"]
[Black "Sprenger, Wendelin"]
[Result "1-0"]
[WhiteElo "2335"]
[BlackElo "2199"]
[PlyCount "21"]
[EventDate "2002.07.05"]
[EventType "swiss"]
[EventRounds "9"]
[EventCountry "AUT"]
[SourceTitle "CBM 089 Extra"]
[Source "ChessBase"]
[SourceDate "2002.09.10"]
[SourceVersion "2"]
[SourceVersionDate "2002.09.10"]
[SourceQuality "1"]

1. g3 d5 2. Bg2 Nf6 3. Nf3 Bg4 4. c4 c6 5. cxd5 cxd5 6. Ne5 Bf5 7. Nc3 Nc6 8. Nxc6 bxc6 9. 0-0 e6 10. d3 Be7 11. Qa4 1-0

[Event "AUT-ch U18"]
[Site "Austria"]
[Date "2002.03.26"]
[Round "5.1"]
[White "Sprenger, Wendelin"]
[Black "Baernthaler, Michael"]
[Result "1-0"]
[WhiteElo "2233"]
[BlackElo "2014"]
[PlyCount "73"]
[EventDate "2002.03.24"]
[EventType "swiss"]
[EventRounds "7"]
[EventCountry "AUT"]
[SourceTitle "EXT 2003"]
[Source "ChessBase"]
[SourceDate "2002.11.25"]
[SourceVersion "1"]
[SourceVersionDate "2002.11.25"]
[SourceQuality "1"]

1. e4 c5 2. Nf3 d6 3. d4 cxd4 4. Nxd4 Nf6 5. Nc3 g6 6. Be3 Bg7 7. Be2 Nc6 8. Nb3 0-0 9. 0-0 Na5 10. f4 Be6 11. f5 Bc4 12. Bd3 Nxb3 13. axb3 Bxd3 14. Qxd3 a6 15. Bd4 e6 16. fxe6 fxe6 17. Rad1 Ne8 18. Rxf8+ Bxf8 19. b4 Bg7 20. b5 Bxd4+ 21. Qxd4 axb5 22. Nxb5 Ra6 23. Qc4 Qd7 24. Nd4 Ng7 25. h3 h6 26. Kh2 Kh7 27. b3 Ra5 28. b4 Ra8 29. Nb5 Ne8 30. Nxd6 Nxd6 31. Qc5 Ra6 32. e5 Rc6 33. Rxd6 Qf7 34. Qd4 Qf5 35. Rd7+ Kh8 36. c4 Qf1 37. Rxb7 1-0

[Event "AUT-ch U18"]
[Site "Austria"]
[Date "2002.03.26"]
[Round "4.1"]
[White "Wolfram, Bernd"]
[Black "Sprenger, Wendelin"]
[Result "0-1"]
[WhiteElo "2121"]
[BlackElo "2233"]
[PlyCount "78"]
[EventDate "2002.03.24"]
[EventType "swiss"]
[EventRounds "7"]
[EventCountry "AUT"]
[SourceTitle "EXT 2003"]
[Source "ChessBase"]
[SourceDate "2002.11.25"]
[SourceVersion "1"]
[SourceVersionDate "2002.11.25"]
[SourceQuality "1"]

1. e4 c5 2. Nc3 d6 3. Nge2 Nf6 4. g3 g6 5. Bg2 Nc6 6. d4 cxd4 7. Nxd4 Bd7 8. h3 Bg7 9. Nb3 0-0 10. 0-0 Ne5 11. Nd2 Rc8 12. f4 Nc4 13. Nxc4 Rxc4 14. Qd3 Qc7 15. e5 Bf5 16. Qe3 dxe5 17. fxe5 Nd7 18. Nd5 Qd8 19. b3 Rxc2 20. Ba3 Re8 21. Rxf5 gxf5 22. Qg5 Nxe5 23. Rd1 Kh8 24. Qxf5 Rxg2+ 25. Kxg2 e6 26. Qe4 exd5 27. Rxd5 Qc8 28. Bb2 Qe6 29. g4 a6 30. a4 Ng6 31. Bxg7+ Kxg7 32. Qd4+ Qf6 33. Qxf6+ Kxf6 34. Rd7 Re7 35. Rd6+ Ke5 36. Rd2 Nf4+ 37. Kg3 Nd5 38. Re2+ Kd6 39. Rf2 f6 0-1

[Event "AUT-ch U18"]
[Site "Austria"]
[Date "2002.03.25"]
[Round "3.2"]
[White "Sprenger, Wendelin"]
[Black "Eichert, Wolfgang"]
[Result "1/2-1/2"]
[WhiteElo "2233"]
[BlackElo "2171"]
[PlyCount "30"]
[EventDate "2002.03.24"]
[EventType "swiss"]
[EventRounds "7"]
[EventCountry "AUT"]
[SourceTitle "EXT 2003"]
[Source "ChessBase"]
[SourceDate "2002.11.25"]
[SourceVersion "1"]
[SourceVersionDate "2002.11.25"]
[SourceQuality "1"]

1. d4 d5 2. Nf3 Nf6 3. c4 c6 4. Nc3 dxc4 5. a4 Bf5 6. Ne5 e6 7. f3 Bb4 8. e4 Bxe4 9. fxe4 Nxe4 10. Bd2 Qxd4 11. Nxe4 Qxe4+ 12. Qe2 Bxd2+ 13. Kxd2 Qd5+ 14. Kc2 Na6 15. Nxc4 0-0 1/2-1/2

[Event "AUT-chT 0102"]
[Site "Austria"]
[Date "2002.03.08"]
[Round "9.5"]
[White "Sprenger, Wendelin"]
[Black "Janetschek, Karl"]
[Result "1-0"]
[WhiteElo "2180"]
[BlackElo "2326"]
[PlyCount "59"]
[EventDate "2001.10.31"]
[EventType "team-tourn"]
[EventRounds "11"]
[EventCountry "AUT"]
[SourceTitle "EXT 2002"]
[Source "ChessBase"]
[SourceDate "2001.11.25"]
[SourceVersion "1"]
[SourceVersionDate "2001.11.25"]
[SourceQuality "1"]
[WhiteTeam "Jenbach SK Sparkasse"]
[BlackTeam "Hietzing/Fischer SK"]
[WhiteTeamCountry "AUT"]
[BlackTeamCountry "AUT"]

1. e4 c5 2. Nf3 d6 3. d4 cxd4 4. Nxd4 Nf6 5. Nc3 a6 6. Bg5 e6 7. f4 Nbd7 8. Qf3 Qc7 9. 0-0-0 b5 10. e5 Bb7 11. Qh3 dxe5 12. Nxe6 fxe6 13. Qxe6+ Be7 14. Bxb5 axb5 15. Nxb5 Qc6 16. Nd6+ Qxd6 17. Rxd6 Nc5 18. Qxe5 Rxa2 19. Bxf6 gxf6 20. Qxc5 Bxd6 21. Qxd6 Ra1+ 22. Kd2 Rxh1 23. Qb8+ Kf7 24. Qxh8 Rxh2 25. Kc3 Bxg2 26. Qc8 Bh3 27. Qc7+ Kg8 28. f5 Rg2 29. b4 Bxf5 30. Qb8+ 1-0

[Event "AUT-chT 0102"]
[Site "Austria"]
[Date "2002.01.20"]
[Round "8.5"]
[White "Fahrner, Kurt"]
[Black "Sprenger, Wendelin"]
[Result "1-0"]
[WhiteElo "2367"]
[BlackElo "2180"]
[PlyCount "79"]
[EventDate "2001.10.31"]
[EventType "team-tourn"]
[EventRounds "11"]
[EventCountry "AUT"]
[SourceTitle "EXT 2002"]
[Source "ChessBase"]
[SourceDate "2001.11.25"]
[SourceVersion "1"]
[SourceVersionDate "2001.11.25"]
[SourceQuality "1"]
[WhiteTeam "Graz Austria"]
[BlackTeam "Jenbach SK Sparkasse"]
[WhiteTeamCountry "AUT"]
[BlackTeamCountry "AUT"]

1. c4 c6 2. Nf3 d5 3. b3 Nf6 4. Bb2 e6 5. g3 Be7 6. Bg2 0-0 7. 0-0 b6 8. d4 Bb7 9. Nbd2 Nbd7 10. Rc1 Rc8 11. e3 dxc4 12. Nxc4 b5 13. Nce5 Qb6 14. Ng5 Nxe5 15. dxe5 Nd5 16. Ne4 Kh8 17. Qg4 c5 18. Nd6 Rc7 19. Rfd1 f5 20. exf6 Nxf6 21. Bxf6 Bxd6 22. Ba1 Bxg2 23. Kxg2 Rcf7 24. f4 c4 25. Qxe6 Qb7+ 26. Qd5 Ba3 27. Qxb7 Rxb7 28. Rc2 Re7 29. Be5 cxb3 30. axb3 a5 31. Rd5 Rb7 32. Rc7 Rxc7 33. Bxc7 Bc1 34. Rxb5 Bxe3 35. Rxa5 Bd4 36. Rd5 Bf6 37. Rb5 Kg8 38. Rb8 Rxb8 39. Bxb8 Kf7 40. Kf3 1-0

[Event "AUT-chT 0102"]
[Site "Austria"]
[Date "2002.01.17"]
[Round "5.5"]
[White "Opl, Klaus"]
[Black "Sprenger, Wendelin"]
[Result "0-1"]
[WhiteElo "2263"]
[BlackElo "2180"]
[PlyCount "50"]
[EventDate "2001.10.31"]
[EventType "team-tourn"]
[EventRounds "11"]
[EventCountry "AUT"]
[SourceTitle "EXT 2002"]
[Source "ChessBase"]
[SourceDate "2001.11.25"]
[SourceVersion "1"]
[SourceVersionDate "2001.11.25"]
[SourceQuality "1"]
[WhiteTeam "Salzburg Mozart"]
[BlackTeam "Jenbach SK Sparkasse"]
[WhiteTeamCountry "AUT"]
[BlackTeamCountry "AUT"]

1. e4 c5 2. Nf3 d6 3. d4 cxd4 4. Nxd4 Nf6 5. Nc3 a6 6. Bg5 e6 7. f4 Nbd7 8. Qf3 Qc7 9. 0-0-0 b5 10. Bxf6 Nxf6 11. e5 Bb7 12. Qh3 dxe5 13. Ncxb5 axb5 14. Nxe6 fxe6 15. Qxe6+ Be7 16. Bxb5+ Kf8 17. Bc4 Bc5 18. fxe5 Re8 19. Rd8 Rxd8 20. exf6 Qf4+ 21. Kb1 Qxf6 22. Qe2 Re8 23. Qd2 Rd8 24. Qe2 Rd4 25. Bd3 g6 0-1

[Event "Graz op"]
[Site "Graz"]
[Date "2002.??.??"]
[Round "1"]
[White "Babula, Vlastimil"]
[Black "Sprenger, Wendelin"]
[Result "1-0"]
[WhiteElo "2551"]
[BlackElo "2174"]
[PlyCount "43"]
[EventDate "2002.??.??"]
[EventType "swiss"]
[EventRounds "9"]
[EventCountry "AUT"]
[SourceTitle "EXT 2003"]
[Source "ChessBase"]
[SourceDate "2002.11.25"]
[SourceVersion "1"]
[SourceVersionDate "2002.11.25"]
[SourceQuality "1"]

1. d4 d5 2. c4 c6 3. Nc3 Nf6 4. Nf3 dxc4 5. a4 Bf5 6. Ne5 e6 7. f3 Bb4 8. e4 Bxe4 9. fxe4 Nxe4 10. Bd2 Qxd4 11. Nxe4 Qxe4+ 12. Qe2 Bxd2+ 13. Kxd2 Qd5+ 14. Kc2 Na6 15. Nxc4 0-0 16. Qe5 Rfc8 17. Be2 f6 18. Qe3 b5 19. Rad1 Qxg2 20. Rhg1 Qxh2 21. Rh1 Qc7 22. Qxe6+ 1-0

[Event "Graz op"]
[Site "Graz"]
[Date "2002.??.??"]
[Round "6"]
[White "Sprenger, Wendelin"]
[Black "Kainz, Josef"]
[Result "0-1"]
[WhiteElo "2174"]
[BlackElo "2068"]
[PlyCount "56"]
[EventDate "2002.??.??"]
[EventType "swiss"]
[EventRounds "9"]
[EventCountry "AUT"]
[SourceTitle "EXT 2003"]
[Source "ChessBase"]
[SourceDate "2002.11.25"]
[SourceVersion "1"]
[SourceVersionDate "2002.11.25"]
[SourceQuality "1"]

1. e4 c5 2. Nf3 Nc6 3. d4 cxd4 4. Nxd4 Nf6 5. Nc3 e5 6. Ndb5 d6 7. Nd5 Nxd5 8. exd5 Nb8 9. c4 Nd7 10. Bd3 Be7 11. Be3 a6 12. Nc3 0-0 13. 0-0 f5 14. f3 Bg5 15. Bf2 Rf6 16. b4 e4 17. fxe4 f4 18. Bd4 Rh6 19. Ne2 Ne5 20. Bxe5 dxe5 21. Kh1 Bg4 22. Qb3 Qf6 23. Ng1 f3 24. gxf3 Bf4 25. Rf2 Bxh2 26. Rxh2 Bxf3+ 27. Nxf3 Qxf3+ 28. Kg1 Rg6+ 0-1

[Event "Graz op"]
[Site "Graz"]
[Date "2002.??.??"]
[Round "9"]
[White "Sprenger, Wendelin"]
[Black "Rohler, Siegfried"]
[Result "0-1"]
[WhiteElo "2174"]
[BlackElo "2253"]
[PlyCount "46"]
[EventDate "2002.??.??"]
[EventType "swiss"]
[EventRounds "9"]
[EventCountry "AUT"]
[SourceTitle "EXT 2003"]
[Source "ChessBase"]
[SourceDate "2002.11.25"]
[SourceVersion "1"]
[SourceVersionDate "2002.11.25"]
[SourceQuality "1"]

1. e4 Nf6 2. e5 Nd5 3. d4 d6 4. Nf3 Bg4 5. Be2 Nc6 6. 0-0 e6 7. Re1 Be7 8. b3 dxe5 9. dxe5 0-0 10. a3 a5 11. c4 Nb6 12. Nbd2 Nd7 13. Bb2 Nc5 14. Qc2 Bf5 15. Qc3 Nd3 16. Bxd3 Qxd3 17. Re3 Qxc3 18. Rxc3 Rfd8 19. Nf1 Bc5 20. h3 Rd7 21. Ne3 Nd4 22. Kf1 Nxf3 23. gxf3 Bd4 0-1

[Event "Regionalliga SO 0102"]
[Site "Bayern"]
[Date "2001.11.11"]
[Round "2.3"]
[White "Doerfler, Guenther"]
[Black "Sprenger, Wendelin"]
[Result "0-1"]
[WhiteElo "2050"]
[BlackElo "2070"]
[PlyCount "78"]
[EventDate "2001.10.07"]
[EventType "team"]
[EventRounds "9"]
[EventCountry "GER"]
[SourceTitle "EXT 2003"]
[Source "ChessBase"]
[SourceDate "2002.11.25"]
[SourceVersion "1"]
[SourceVersionDate "2002.11.25"]
[SourceQuality "1"]
[WhiteTeam "Deggendorf"]
[BlackTeam "Vogtareuth"]
[WhiteTeamCountry "GER"]
[BlackTeamCountry "GER"]

1. Nf3 d5 2. d4 Nf6 3. g3 e6 4. Bg2 Be7 5. 0-0 0-0 6. Nbd2 b6 7. c4 c6 8. b3 Bb7 9. Bb2 Nbd7 10. Rc1 Rc8 11. Re1 c5 12. e3 Rc7 13. a3 Qa8 14. Ne5 Rfc8 15. Qe2 cxd4 16. exd4 dxc4 17. Bxb7 Qxb7 18. bxc4 Nxe5 19. Qxe5 Bf8 20. Qg5 h6 21. Qh4 Rc6 22. Re3 Ne8 23. Rec3 Nd6 24. g4 Be7 25. Qg3 Bf6 26. d5 exd5 27. cxd5 Rxc3 28. Bxc3 Qxd5 29. Nb1 Ne4 30. Qe3 Bxc3 31. Nxc3 Nxc3 32. Rxc3 Qd1+ 33. Kg2 Qxg4+ 34. Kf1 Qd1+ 35. Kg2 Rd8 36. Rc7 Qg4+ 37. Qg3 Qe4+ 38. Qf3 Qxf3+ 39. Kxf3 Rd3+ 0-1

[Event "EU-ch U18"]
[Site "Chalkidiki"]
[Date "2001.09.06"]
[Round "6"]
[White "Perez Candelario, Manuel"]
[Black "Sprenger, Wendelin"]
[Result "1-0"]
[WhiteElo "2376"]
[BlackElo "2233"]
[PlyCount "55"]
[EventDate "2001.08.31"]
[EventType "swiss"]
[EventRounds "9"]
[EventCountry "GRE"]
[SourceTitle "EXT 2002"]
[Source "ChessBase"]
[SourceDate "2001.11.25"]
[SourceVersion "1"]
[SourceVersionDate "2001.11.25"]
[SourceQuality "1"]

1. e4 c5 2. Nf3 d6 3. d4 cxd4 4. Nxd4 Nf6 5. Nc3 a6 6. Be3 Ng4 7. Bc1 Nf6 8. f3 e6 9. Be3 Be7 10. Qd2 0-0 11. 0-0-0 b5 12. g4 Bb7 13. h4 Nfd7 14. g5 b4 15. Nce2 d5 16. h5 dxe4 17. g6 Ne5 18. Nf4 Nbd7 19. h6 fxg6 20. hxg7 Rf7 21. Nfxe6 Qa5 22. Rxh7 Rf6 23. Qh2 Rxe6 24. Nxe6 Qxa2 25. Rh8+ Kf7 26. g8Q+ Rxg8 27. Qh7+ Kf6 28. Bg5+ 1-0

[Event "AUT-chT2W 0001"]
[Site "Austria"]
[Date "2001.01.13"]
[Round "7"]
[White "Egle, Helmut"]
[Black "Sprenger, Wendelin"]
[Result "0-1"]
[WhiteElo "1822"]
[BlackElo "2072"]
[PlyCount "94"]
[EventDate "2000.??.??"]
[EventType "team"]
[EventRounds "9"]
[EventCountry "AUT"]
[SourceTitle "EXT 2002"]
[Source "ChessBase"]
[SourceDate "2001.11.25"]
[SourceVersion "1"]
[SourceVersionDate "2001.11.25"]
[SourceQuality "1"]

1. f4 e5 2. fxe5 d6 3. exd6 Bxd6 4. Nf3 g5 5. d4 g4 6. Ne5 Bxe5 7. dxe5 Qxd1+ 8. Kxd1 Ne7 9. Nc3 Be6 10. Bg5 Rg8 11. Bf6 Nd5 12. Nb5 a6 13. Nd4 Nxf6 14. Nxe6 Nd5 15. Nc5 b6 16. Nd3 Nc6 17. e4 Nde7 18. Be2 0-0-0 19. Ke1 Rd4 20. Rf1 Rxe4 21. c3 Rg7 22. Kd2 Kb7 23. Rae1 h5 24. Nc5+ bxc5 25. Bxa6+ Kxa6 26. Rxe4 Nd8 27. Rf6+ Kb7 28. b4 cxb4 29. Rxb4+ Kc8 30. Ra6 Nec6 31. Ra8+ Kd7 32. Re4 Ke6 33. a4 Nb7 34. Re8+ Kd5 35. Re1 Nc5 36. Kc2 Ne6 37. Rh8 Rg5 38. Ra8 Rf5 39. Re2 Nxe5 40. a5 Kc6 41. a6 Nc4 42. Kb3 Nb6 43. Ra7 h4 44. Ra2 g3 45. hxg3 hxg3 46. Ra1 Rf2 47. Kb4 Rb2+ 0-1

[Event "Kecskemet"]
[Site "Kecskemet"]
[Date "2001.??.??"]
[Round "2"]
[White "Sprenger, Wendelin"]
[Black "Bromberger, Stefan"]
[Result "0-1"]
[WhiteElo "2233"]
[BlackElo "2360"]
[PlyCount "96"]
[EventDate "2001.??.??"]
[EventType "tourn"]
[EventRounds "9"]
[EventCountry "HUN"]
[EventCategory "1"]
[SourceTitle "EXT 2002"]
[Source "ChessBase"]
[SourceDate "2001.11.25"]
[SourceVersion "1"]
[SourceVersionDate "2001.11.25"]
[SourceQuality "1"]

1. e4 c5 2. Nf3 d6 3. d4 cxd4 4. Nxd4 Nf6 5. Nc3 e6 6. Be3 a6 7. Be2 Be7 8. 0-0 0-0 9. Kh1 Qc7 10. f4 Nbd7 11. Bf3 Nb6 12. Qe1 Nc4 13. Bc1 e5 14. Nf5 exf4 15. Nxe7+ Qxe7 16. Bxf4 Nxb2 17. Qg3 Nc4 18. Be2 Nxe4 19. Nxe4 Qxe4 20. Bd3 Qe6 21. Bxc4 Qxc4 22. Bxd6 Re8 23. Be5 Qg4 24. Qb3 Qe6 25. Rae1 Qxb3 26. cxb3 Bd7 27. a4 Bc6 28. Bc3 Be4 29. Rf2 Rac8 30. Ba5 Bd5 31. Rxe8+ Rxe8 32. Rb2 Re3 33. Bd2 Re2 34. Bc3 Bxg2+ 35. Kg1 Rxb2 36. Bxb2 Bd5 37. b4 Bc6 38. a5 h6 39. Kf2 g5 40. Ke3 f5 41. Kd4 Kf7 42. Ke5 Kg6 43. Bd4 f4 44. Bc5 Kh5 45. Kf6 Kg4 46. Kg6 Kh3 47. Kxh6 Kxh2 48. Kxg5 f3 0-1